000
00280nam a22001217a 4500
008
171101b xxu||||| |||| 00| 0 eng d
041
_a
eng
080
_2
5 ED
_a
339
100
_a
59
101
_a
TRE
245
_a
VISUAL MERCHANDISING AND DISPLAY
_c
PEGLER.M.M
942
_2
udc
_c
BK
999
_c
37092
_d
37092